Latin Vocabulary IV Quiz Stats

Quiz not verified by Sporcle

Also try: Add a 'P'
Challenge
Share
Tweet
Embed
Score 0/35 Timer 05:00
0 Plays Today
Hint Answer % Correct
Nounname
100%
Verbto affirm
94.6%
Verbto reply
94.6%
Verbto write
94.6%
Nounwoman
91.9%
Nounform
86.5%
Nounlord
83.8%
Verbto say
83.8%
Verbto walk
81.1%
Nounlady
78.4%
Nounexperience
78.4%
Adjectivemy
78.4%
Verbto have
75.7%
Adjectiveangry
73%
Verbto show
70.3%
Verbto teach
56.8%
Verbto call
56.8%
Adjectivedangerous
54.1%
Hint Answer % Correct
Nounpride
51.4%
Verbought to
51.4%
Verbto imitate
51.4%
Otherto me
51.4%
Otherno one
51.4%
Verbto try
48.6%
Adjectivestupid
43.2%
Otheragain
40.5%
Otherbetter than
40.5%
Verbto deny
37.8%
Adjectiveits own
29.7%
Otherto this place
29.7%
Verbplease
24.3%
Otherstill
21.6%
Nounloom
18.9%
Adjectiverash
18.9%
Verbto contend
13.5%

You're not logged in!

Compare scores with friends on all Sporcle quizzes.
Sign Up with Email
OR
Log In

You Might Also Like...

Show Comments

Extras

Top Quizzes Today


Score Distribution

Your Account Isn't Verified!

In order to create a playlist on Sporcle, you need to verify the email address you used during registration. Go to your Sporcle Settings to finish the process.

Report this User

Report this user for behavior that violates our Community Guidelines.

Details: